00414nam a2200169Ia 4500003000400000005001700004008004100021020001800062040000700080041000800087082001900095100001800114245004100132260004200173300001600215365001300231OSt20230401092259.0210423s2008 xx 000 0 und d a9788120332034 cAL aeng a658.5 KHAR223 aKHANNA (R B). aProduction and operation management. aNew DelhibPHI Learning Pvt Ltdc2008 axiv,519bPB b325cINR